Sports Quiz

Random Sports or Sporcle Quiz

Fifa vs Sporcle Quiz Stats

Quiz not verified by Sporcle

Challenge
Share
Tweet
Embed
Score 0/34 Timer 10:00
0 Plays Today
Hint Answer % Correct
Not in SporcleScotland
82.4%
Not in SporcleWales
82.4%
Not in SporcleNorthern Ireland
80.4%
Not in SporcleEngland
76.5%
Not in FifaKosovo
72.5%
Not in FifaVatican City
68.6%
Not in SporcleFaroe Islands
66.7%
Not in FifaNauru
66.7%
Not in FifaPalau
66.7%
Not in FifaMonaco
64.7%
Not in FifaTuvalu
64.7%
Not in FifaMarshall Islands
62.7%
Not in FifaKiribati
60.8%
Not in FifaMicronesia
60.8%
Not in SporcleHong Kong
56.9%
Not in SporcleBritish Virgin Islands
54.9%
Not in SporcleUS Virgin Islands
54.9%
Hint Answer % Correct
Not in SporcleGuam
51%
Not in SporcleAmerican Samoa
50%
Not in SporcleBermuda
49%
Not in SporclePuerto Rico
49%
Not in FifaUK
49%
Not in SporcleAruba
47.1%
Not in SporcleMacau
47.1%
Not in SporcleMontserrat
47.1%
Not in SporcleCook Islands
43.1%
Not in SporcleTahiti
43.1%
Not in FifaTaiwan
43.1%
Not in SporcleAnguilla
37.3%
Not in SporcleCayman Islands
37.3%
Not in SporcleTurks and Caicos
37.3%
Not in SporcleCuracao
33.3%
Not in SporcleNew Caledonia
33.3%
Not in SporcleChinese Taipei
21.6%

You're not logged in!

Compare scores with friends on all Sporcle quizzes.
Join for Free
OR
Log In

You Might Also Like...

Show Comments

Extras

Top Quizzes Today


Score Distribution

Your Account Isn't Verified!

In order to create a playlist on Sporcle, you need to verify the email address you used during registration. Go to your Sporcle Settings to finish the process.

Report this User

Report this user for behavior that violates our Community Guidelines.

Details: